000 00357 a2200169 4500
001 184118
020 _a85-7319-498-7
040 _cMagnum
100 _aRibeiro, Eid
240 1 0 _aAnjos e abacates
_lpor
245 1 0 _aAnjos e abacates
300 _a56
362 0 _a2005
440 1 _aDimensão
697 _aLITERATURA INFANTO-JUVENIL
942 _cBK
999 _c184118
_d184118